[Event "Extremadura-chT"]
[Site "Spain"]
[Date "2009.02.28"]
[Round "6.4"]
[White "Arroba Guerra, Jose Manuel"]
[Black "Castilla Lopez, Francisco"]
[Result "1-0"]
[WhiteElo "1765"]
[BlackElo "1978"]
[PlyCount "120"]
[EventDate "2009.01.17"]
[EventType "team-swiss"]
[EventRounds "9"]
[EventCountry "ESP"]
[SourceTitle "EXT 2011"]
[Source "ChessBase"]
[SourceDate "2010.11.26"]
[SourceVersion "1"]
[SourceVersionDate "2010.11.26"]
[SourceQuality "1"]
[WhiteTeam "Casareno"]
[BlackTeam "Almendralejo"]
[WhiteTeamCountry "ESP"]
[BlackTeamCountry "ESP"]

1. d4 f5 2. c4 e6 3. Nc3 Nf6 4. Nf3 Be7 5. e3 d5 6. b3 c6 7. Be2 Nbd7 8. 0-0 0-0 9. Ng5 Nb8 10. f3 Qc7 11. e4 h6 12. e5 hxg5 13. exf6 Bxf6 14. Be3 Qe7 15. Rc1 Na6 16. Re1 Nc7 17. Bf2 Qf7 18. Na4 Rd8 19. Nb2 g6 20. Qc2 Kg7 21. Nd3 dxc4 22. Qxc4 Nd5 23. Bf1 Bd7 24. Nc5 Rab8 25. Bg3 f4 26. Bf2 Re8 27. Nd3 Re7 28. Qc2 Rbe8 29. Ne5 Bxe5 30. Rxe5 Qf6 31. Rce1 Bc8 32. Qc5 a6 33. a4 Kf7 34. b4 Bd7 35. Qa7 Bc8 36. Qc5 Bd7 37. Rc1 Nc7 38. Rxg5 e5 39. Rxe5 Rxe5 40. dxe5 Rxe5 41. Qc4+ Qe6 42. Qxf4+ Qf5 43. Bg3 Kf6 44. Qxf5+ Bxf5 45. Bxe5+ Kxe5 46. b5 axb5 47. axb5 Nxb5 48. Bxb5 cxb5 49. Rc5+ Kd6 50. Rxb5 Kc6 51. Rb2 b5 52. Kf2 Kc5 53. Ke3 Kc4 54. Kd2 b4 55. Kc1 Kc3 56. h4 b3 57. g4 Be6 58. h5 gxh5 59. gxh5 Bg8 60. h6 Kd3 1-0